000 00429 a2200157 4500
020 _a8176489859
040 _aDLC
_bDLC
082 _a808
100 _aSinha, B. B.
245 _amastering effective english: what is the right word?
_cB. B. Sinha
260 _aNew Delhi:
_bParagon Computers,
_c2005.
300 _a347 p. ;
_c24 cm.
500 _aIncludes Index
650 _aEnglish language--Rhetoric.
942 _cBK
_k808 SIN
_2ddc
999 _c4836
_d4836